WWE - Name a Valid Answer #3 - Statistics

General Stats
  • This quiz has been taken 282 times
  • The average score is 12 of 15
Answer Stats
Name a wrestler that ... Valid answer(s) % Correct
won a championship at WrestleMania 32 (2016) Charlotte Flair | Roman Reigns | Zack Ryder
97%
was in the main event of a PPV in 2013 The Big Show | Brock Lesnar | Christian | CM Punk | Daniel Bryan | John Cena | Randy Orton | Rob Van Dam | The Rock | Ryback | Sheamus | Triple H
92%
has won an Inferno or Ring of Fire match Bray Wyatt | Kane | Randy Orton | Triple H | The Undertaker
89%
has competed in 5 or more TLC matches Edge | Jeff Hardy
86%
won the WCW Championship while it was defended in the WWE (in 2001) Booker T | Chris Jericho | Kurt Angle | The Rock
85%
won the Intercontinental Championship between 2000 and 2002 Albert | Billy Gunn | Chris Benoit | Chris Jericho | Christian | Chyna | Eddie Guerrero | Jeff Hardy | Kane | Kurt Angle | Lance Storm | Rikishi | Rob Van Dam | Test | Triple H | Val Venis | William Regal
83%
beat Stone Cold Steve Austin on a PPV event in 1998 Dude Love | Kane | Mankind | The Undertaker
82%
eliminated themselves from the men's Royal Rumble match Ahmed Johnson | André the Giant | Drew Carey | Kane | Matt Hardy | Mick Foley | Mil Máscaras | MVP | Pat McAfee
81%
won the Diva's Championship 3 times or more AJ Lee | Eve Torres
79%
has been the runner-up in a Royal Rumble match 3 times or more Roman Reigns
78%
has eliminated 8 or more wrestlers within the Elimination Chamber match Chris Jericho | Randy Orton
76%
won the King of the Ring tournament in the 1980's Don Muraco | Harley Race | Randy Savage | Ted DiBiase | Tito Santana
65%
won the Hardcore Championship 20 times or more Crash Holly | Raven | Steven Richards
62%
that has competed in 5 or more Women's Elimination Chamber matches Liv Morgan
54%
won a championship in WWE at the age of 20 or younger Kenny Dysktra | Nicholas | Rene Dupree | Tyler Bate
52%
No matching quizzes found
Score Distribution
Percent of People with Each Score
Percentile by Number Answered
Your Score History
You have not taken this quiz